| 000 | 00455nam a22001697a 4500 | ||
|---|---|---|---|
| 003 | NUST - PNEC | ||
| 005 | 20170116181113.0 | ||
| 008 | 151004b xxu||||| |||| 00| 0 eng d | ||
| 020 | _a- | ||
| 040 | _cLIBRARY | ||
| 082 | _a940.545945 BRA | ||
| 100 |
_913055 _aBragadin, Marc' Antonio |
||
| 245 |
_aThe Italian Navy in World War II _cMarc' Antonio Bragadin |
||
| 260 | _cc.1957 | ||
| 650 |
_913057 _aWorld War--(1939-1945) _xHistory |
||
| 942 |
_2ddc _cBK |
||
| 999 |
_c69219 _d69219 |
||